সংস্কৃতির ভাঙা সেতু / (Record no. 491)
[ view plain ]
| 000 -LEADER | |
|---|---|
| fixed length control field | 00874nam a2200265 a 4500 |
| 001 - CONTROL NUMBER | |
| JCCL Control Number | 491 |
| 003 - CONTROL NUMBER IDENTIFIER | |
| JCCL marc code | BD-JhCC |
| 005 - DATE AND TIME OF LATEST TRANSACTION | |
| control field | 20190704134014.0 |
| 008 - FIXED-LENGTH DATA ELEMENTS--GENERAL INFORMATION | |
| fixed length control field | 171005s1998 bg 000 0 benod |
| 020 ## - INTERNATIONAL STANDARD BOOK NUMBER | |
| International Standard Book Number | 9844100879 |
| 035 ## - SYSTEM CONTROL NUMBER | |
| system control number | (BD-JhCC)491 |
| 040 ## - CATALOGING SOURCE | |
| Original cataloging agency | DLC |
| Transcribing agency | DLC |
| Modifying agency | BD-JhCC |
| 041 ## - LANGUAGE CODE | |
| Language code of Book | eng |
| 050 00 - LIBRARY OF CONGRESS CALL NUMBER | |
| Classification number | PK1717.B32 |
| Item number | I55 1998 |
| 082 ## - DEWEY DECIMAL CLASSIFICATION NUMBER | |
| Classification number | 891.4409 |
| Author mark and Year | ELI 2005 |
| 100 1# - MAIN ENTRY--PERSONAL NAME | |
| Personal name | ইলিয়াস, আখতারুজ্জামান |
| 245 10 - TITLE STATEMENT | |
| Title | সংস্কৃতির ভাঙা সেতু / |
| Statement of responsibility, etc | আখতারুজ্জামান ইলিয়াস |
| 260 ## - PUBLICATION, DISTRIBUTION, ETC. (IMPRINT) | |
| Place of publication, distribution, etc | Ḍhākā : |
| Name of publisher, distributor, etc | Māolā Brādārsa, |
| Date of publication, distribution, etc | 1998. |
| 300 ## - PHYSICAL DESCRIPTION | |
| Pagination | 188 p. ; |
| Dimensions | 22 cm. |
| 520 ## - SUMMARY, ETC. | |
| Summary, etc | Articles on Bengali literature and culture. |
| 650 #0 - SUBJECT ADDED ENTRY--TOPICAL TERM | |
| Topical term or geographic name as entry element | Bengali literature |
| Geographic subdivision | Bangladesh |
| General subdivision | History and criticism. |
| 650 #0 - SUBJECT ADDED ENTRY--TOPICAL TERM | |
| Topical term or geographic name as entry element | Society and Culture |
| 942 ## - ADDED ENTRY ELEMENTS (KOHA) | |
| Source of classification or shelving scheme | Dewey Decimal Classification |
| Koha item type | Books |
| Koha issues (borrowed), all copies | 1 |
| Source of classification or shelving scheme | Damaged status | Not for loan | Home library | Current library | Shelving location | Date of accession | Cost, normal purchase price | Total Checkouts | Full call number | Barcode | Date last seen | Date checked out | Copy number | Koha item type |
|---|---|---|---|---|---|---|---|---|---|---|---|---|---|---|
| Dewey Decimal Classification | JCC Rouf Library | JCC Rouf Library | General Stacks | 10/05/2017 | 150.00 | 1 | 891.4409 ELI 2005 | 1604 | 07/10/2019 | 07/04/2019 | C-1 | Books | ||
| Dewey Decimal Classification | JCC Rouf Library | JCC Rouf Library | 10/11/2017 | 200.00 | 891.4409 ELI 2005 | 1935 | 10/11/2017 | C-2 | Books |